Every Hasbro Star Wars Action Figure Line - Statistics

General Stats
  • This quiz has been taken 5 times
  • The average score is 3 of 33
Answer Stats
Hint Answer % Correct
2013 - The Black Series
67%
1995 - 2000 The Power of the Force
67%
1996 Shadows of the Empire
33%
2000 - Star Tours & Droid Factory
33%
1999 The Episode 1 Collection
33%
2000 - 2002 The Power of the Jedi
33%
2002 - 2004 The SAGA Series
33%
2010 - 20132018 - The Vintage Collection
33%
2020 Celebrate the Saga
0%
2012 Discover the Force
0%
2024 - Epic Hero Series
0%
2018 - 2019 Galaxy of Adventures
0%
2019 - 2020 Galaxy of Adventures 5"
0%
2012 - 2013 Movie Heroes Series
0%
2019 Resistance Collection
0%
2019 - Retro Collection
0%
2005 Revenge of the Sith Collection
0%
2013 - 2014 Saga Legends
0%
2014 - 2015 Saga Legends II
0%
2010 - 2012 Shadows of the Dark Side
0%
2019 Skywalker Saga Collection
0%
2018 - 2019 SOLO Collection
0%
2003 - 2005 Star Wars: Clone Wars
0%
2007 - 2008 The 30th Anniversary Collection
0%
2013 - 2017 The Black Series 3.75"
0%
2008 - 2013 The Clone Wars Collection
0%
2015 - 2016 The Force Awakens Collection
0%
2017 - 2018 The Last Jedi Collecion
0%
2008 - 2010 The Legacy Collection
0%
2013 The Legacy Collection II
0%
2004 - 2005 The Original Trilogy Collection
0%
2016 - 2017 The Rogue One Collection
0%
2006 - 2007 The Saga Collection
0%
No matching quizzes found
Score Distribution
Percent of People with Each Score
Percentile by Number Answered
Your Score History
You have not taken this quiz